Born in North Dakota Quiz Stats

 Plays Quiz not verified by Sporcle

Challenge
Share
Tweet
Score 0/20 Timer 07:00
0 Plays Today
Description Celebrity % Correct
Actress b.1931 KulmAngie Dickinson
47.3%
Musician b.1987 MinotWiz Khalifa
41.6%
Musician b.1903 StrasburgLawrence Welk
25.3%
Politician b.1925 ScrantonWarren Christopher
15.9%
Athlete b.1974 JamestownDarin Erstad
15.4%
Actress b.1920 JamestownPeggy Lee
13.4%
Actor b.1985 DickinsonKellan Lutz
12.9%
Athlete b.1977 JamestownTravis Hafner
9.3%
Athlete b.1977 CarringtonJim Kleinsasser
9.2%
Author b.1908 JamestownLouis L'Amour
8.9%
Description Celebrity % Correct
Musician b.1981 FargoJonny Lang
8%
Model b.1984 FargoCariDee English
6.6%
Actress b.1909 Valley CityAnn Sothern
6.3%
Actor b.1947 JamestownShadoe Stevens
6%
Actress b.1956 Grand ForksNatalie West
5.6%
Model b.1985 Grand ForksNicole Linkletter
4.4%
Actor b.1984 Grand ForksAlan Ritchson
4.3%
Cartoonist b.1927 JamestownTom Hatten
3%
Actor b.1971 MinotMichael Soltis
2.6%
Athlete b.1975 RugbyChris Tuchscherer
2.5%

You're not logged in!

Compare scores with friends on all Sporcle quizzes.
Join for Free
OR
Log In

You Might Also Like...

Show Comments

Extras

Top Quizzes Today


Score Distribution

Your Account Isn't Verified!

In order to create a playlist on Sporcle, you need to verify the email address you used during registration. Go to your Sporcle Settings to finish the process.

Report this User

Report this user for behavior that violates our Community Guidelines.

Details: